[Event "XVII MetLife Najdorf Open 2017"]
[Site "Warsaw"]
[Date "2017.07.11"]
[Round "3.23"]
[White "Prasanna Raghuram Rao"]
[Black "Prince, Bajaj"]
[Result "1/2-1/2"]
[WhiteElo "2466"]
[BlackElo "2344"]
[Annotator "TA"]
[PlyCount "74"]
[EventDate "2017.??.??"]
[EventType "swiss"]
[EventCountry "POL"]
[SourceTitle "playchess.com"]
[Source "ChessBase"]
[SourceQuality "1"]

{[%evp 21,74,9,7,6,5,0,0,-18,-26,-11,-15,-27,-22,-22,-25,-28,-36,-36,-27,-43,-29,-29,-33,-25,-30,-36,-36,-36,-38,-28,-27,-42,0,0,0,0,0,0,0,-62,-8,-8,-8,-6,-8,-17,0,0,6,0,0,0,0,0,0]} 1. e4 c5 2. Nf3 e6 3. d4 cxd4 4. Nxd4 Nc6 5. Nc3 Qc7 6. Be2 Nf6 7. Be3 Be7 8. O-O O-O 9. f4 d6 10. Kh1 Nxd4 11. Qxd4 b6 {LiveBook: 96 Games. B83: Sicilian Scheveningen: 6 Be2, lines without ...a6} 12. Qd3 Bb7 13. Rad1 $146 ({Predecessor:} 13. Bd4 Nd7 14. Qg3 Bf6 15. Bxf6 Nxf6 16. Bd3 d5 17. e5 Ne4 18. Qh4 f6 19. Nb5 {0-1 (40) Aravindh,C (2528)-Ganguly,S (2654) Tashkent 2016}) 13... Rad8 14. Bd4 e5 15. Be3 d5 {And now ...d4 would win.} 16. fxe5 $1 Nxe4 17. Bd4 Bc5 18. Nxe4 dxe4 19. Qc3 Rc8 20. e6 Bxd4 21. exf7+ Rxf7 22. Qxd4 {[#] Hoping for Bc4!} Rxf1+ 23. Rxf1 {Bg4 is the strong threat.} Qxc2 24. Qd7 Qc7 ({Inferior is} 24... Qxe2 25. Qe6+ Kh8 {[#]} 26. Qxc8+ $1 {[%mdl 512]} Bxc8 27. Rf8#) 25. Qe6+ $1 Kh8 26. h3 {White wants to play Rf7.} h6 27. Rf7 Qc1+ 28. Kh2 {Strongly threatening Qe5.} Qg5 $1 29. Bg4 {Black must now prevent Qd6.} (29. Rxb7 {is a self mate.} Qf4+ 30. g3 Qf2+ 31. Kh1 Rc1+ 32. Bf1 Rxf1#) 29... Rd8 30. Rf5 ({Better is} 30. Rxb7 $11 Qf4+ 31. Kh1 Qf1+ 32. Kh2 Qf4+ 33. Kh1 Qf1+ 34. Kh2 Qf4+) 30... Qd2 (30... Bd5 $15 31. Qe5 Qg6) 31. Qe7 $11 {Rf8+ would kill now.The position is equal.} Qd6+ 32. Qxd6 Rxd6 {KRB-KRB} 33. Rf7 Bd5 34. Rxa7 Be6 35. Bxe6 Rxe6 36. Rc7 e3 37. Rc1 Rd6 {Precision: White = 75%, Black = 67%.} 1/2-1/2

[Event "XVII MetLife Najdorf Open 2017"]
[Site "Warsaw"]
[Date "2017.07.11"]
[Round "3.24"]
[White "Gusain, Himal"]
[Black "Lewtak, Damian"]
[Result "1-0"]
[WhiteElo "2461"]
[BlackElo "2341"]
[Annotator "ChessBase"]
[PlyCount "79"]
[EventDate "2017.??.??"]
[EventType "swiss"]
[EventCountry "POL"]
[SourceTitle "playchess.com"]
[Source "ChessBase"]
[SourceQuality "1"]
[TimeControl "40/5400+30:1800+30"]

1. e4 c5 2. Nf3 Nf6 3. Nc3 Nc6 4. d4 d5 5. e5 cxd4 6. Nb5 Ne4 7. Nbxd4 Bg4 8. Be2 e6 9. O-O Bc5 10. c3 O-O 11. Nxc6 bxc6 12. Nd4 Bxe2 13. Qxe2 Qb6 14. Be3 Bxd4 15. cxd4 f5 16. exf6 Rxf6 17. Rac1 a5 18. Rc2 Nd6 19. Rfc1 Rc8 20. Bg5 Rg6 21. Bf4 Nc4 22. Be5 Nxe5 23. Qxe5 Rf6 24. b3 h6 25. Rc5 Kh8 26. g3 Qb4 27. Rxc6 Rxc6 28. Rxc6 Qd2 29. Qe3 Qxa2 30. Rc8+ Kh7 31. Qd3+ Rf5 32. Rc2 Qa1+ 33. Kg2 Kg8 34. Qe2 e5 35. Qg4 Rg5 36. Qc8+ Kh7 37. h4 Rh5 38. g4 Qxd4 39. gxh5 Qf4 40. Rc3 1-0

[Event "XVII MetLife Najdorf Open 2017"]
[Site "Warsaw"]
[Date "2017.07.11"]
[Round "3.25"]
[White "Bilguun, Sumiya"]
[Black "Szadkowski, Kamil"]
[Result "0-1"]
[WhiteElo "2460"]
[BlackElo "2237"]
[Annotator "ChessBase"]
[PlyCount "58"]
[EventDate "2017.??.??"]
[EventType "swiss"]
[EventCountry "POL"]
[SourceTitle "playchess.com"]
[Source "ChessBase"]
[SourceQuality "1"]
[TimeControl "40/5400+30:1800+30"]

1. e4 e5 2. Nf3 Nc6 3. Bb5 a6 4. Ba4 Nf6 5. O-O Be7 6. Re1 b5 7. Bb3 O-O 8. h3 d6 9. c3 Na5 10. Bc2 d5 11. exd5 e4 12. Ng5 Nxd5 13. Nxh7 Kxh7 14. Bxe4+ Kg8 15. Bxd5 Qxd5 16. Rxe7 Bxh3 17. Qf3 Qxf3 18. gxf3 Rae8 19. Rxe8 Rxe8 20. Kh2 Re1 21. Na3 Bf5 22. b3 Bd3 23. Kg3 Nc6 24. Bb2 Re2 25. Rd1 Ne7 26. Bc1 Nf5+ 27. Kf4 f6 28. Kg4 Rxf2 29. Rg1 Rh2 0-1

[Event "XVII MetLife Najdorf Open 2017"]
[Site "Warsaw"]
[Date "2017.07.11"]
[Round "3.26"]
[White "Zaleski, Lukasz"]
[Black "Jarmula, Lukasz"]
[Result "1/2-1/2"]
[WhiteElo "2220"]
[BlackElo "2444"]
[Annotator "RC"]
[PlyCount "80"]
[EventDate "2017.??.??"]
[EventType "swiss"]
[EventCountry "POL"]
[SourceTitle "playchess.com"]
[Source "ChessBase"]
[SourceQuality "1"]
[TimeControl "40/5400+30:1800+30"]

1. e4 c5 2. Nf3 d6 3. d4 cxd4 4. Nxd4 Nf6 5. Nc3 a6 6. Be2 e6 7. O-O Be7 8. f4 O-O 9. Kh1 Qc7 10. a4 Nc6 11. Be3 Re8 12. Qd2 Nxd4 13. Bxd4 e5 14. Bg1 exf4 15. Rxf4 Be6 16. a5 Nd7 17. Nd5 Bxd5 18. Qxd5 Ne5 19. c3 Bf6 20. Bb6 Qd7 21. Rd1 Re6 22. Rff1 Rc8 23. c4 Qc6 24. b3 Be7 25. Rc1 g6 26. b4 Bg5 27. Rb1 h5 28. b5 axb5 29. cxb5 Qxd5 30. exd5 Ree8 31. Rb2 Nd7 32. Bg1 Nc5 33. a6 b6 34. Bf3 Be3 35. Re2 Bxg1 36. Kxg1 Rxe2 37. Bxe2 Kg7 38. Rc1 f5 39. Bf3 Kf6 40. h4 Ke5 1/2-1/2

[Event "XVII MetLife Najdorf Open 2017"]
[Site "Warsaw"]
[Date "2017.07.11"]
[Round "3.27"]
[White "Szustakowski, Antoni"]
[Black "Shvayger, Yuliya"]
[Result "1-0"]
[WhiteElo "2171"]
[BlackElo "2434"]
[Annotator "TA"]
[PlyCount "55"]
[EventDate "2017.??.??"]
[EventType "swiss"]
[EventCountry "POL"]
[SourceTitle "playchess.com"]
[Source "ChessBase"]
[SourceQuality "1"]

{[%evp 22,55,12,9,77,48,58,0,50,49,68,56,89,86,97,79,89,98,247,242,302,293,308,308,351,345,379,385,387,375,462,372,631,625,649,647]} 1. e4 c5 2. Nf3 Nc6 3. Bb5 g6 4. Bxc6 bxc6 5. O-O Bg7 6. Re1 Nh6 7. c3 O-O 8. d4 cxd4 9. cxd4 d5 10. e5 {B31: Sicilian: 2...Nc6 3 Bb5 g6} f6 11. Nbd2 fxe5 12. Nxe5 {LiveBook: 4 Games. The position is equal.} Qb6 $146 (12... Bxe5 $11 {keeps the balance.} 13. dxe5 Qb6) ({Predecessor:} 12... Bxe5 13. dxe5 Qb6 14. Nf3 Nf5 15. Bg5 Be6 16. Qd2 c5 17. Rac1 d4 {½-½ (41) Areshchenko,A (2672)-Wei,Y (2734) Baku 2015}) 13. Ndf3 Ng4 14. Qe2 (14. h3 $14 Bxe5 15. hxg4) 14... Bf5 15. Bg5 Rfe8 16. Rac1 Rac8 17. Rc5 Nf6 18. Rec1 {[%cal Re5c6]} Ne4 {[#] Strongly threatening ...Bxe5.} 19. g4 $1 {[%cal Rg4f5]} Nxc5 (19... Be6 $16 {was called for.}) 20. dxc5 $18 Qb5 21. Qxb5 cxb5 22. gxf5 gxf5 23. Bf4 b4 24. Nd4 e6 25. Nb5 Bf8 26. Nd7 ({Less strong is} 26. c6 a6 $18) 26... Red8 $2 {[#]} (26... Kf7 27. Nxf8 Kxf8) 27. Nxf8 Kxf8 28. c6 {Precision: White = 73%, Black = 20%.} 1-0

[Event "XVII MetLife Najdorf Open 2017"]
[Site "Warsaw"]
[Date "2017.07.11"]
[Round "3.28"]
[White "Cheparinov, Ivan"]
[Black "Dzierzak, Radoslaw"]
[Result "1-0"]
[WhiteElo "2703"]
[BlackElo "2231"]
[Annotator "TA"]
[PlyCount "43"]
[EventDate "2017.??.??"]
[EventType "swiss"]
[EventCountry "POL"]
[SourceTitle "playchess.com"]
[Source "ChessBase"]
[SourceQuality "1"]

{[%evp 13,43,64,47,61,76,62,67,55,52,25,8,12,65,63,65,66,66,66,64,63,72,55,142,162,151,171,494,504,626,639,622,613]} 1. e4 c6 2. d4 d5 3. e5 c5 4. dxc5 Nc6 5. f4 (5. Nf3 Bg4 6. c3 e6 7. b4 a6 8. Nbd2 Nxe5 9. Qa4+ Nd7 10. Ne5 Ngf6 11. c4 a5 12. Nb3 axb4 13. Qb5 Be7 {0-1 (53) Topalov,V (2760)-Nakamura,H (2779) London 2016}) 5... e6 6. Be3 {B12: Caro-Kann: Advance Variation} d4 7. Bf2 Bxc5 {LiveBook: 8 Games} 8. a3 {White is slightly better.} Nh6 9. Nd2 O-O 10. Bd3 (10. Ne4 $5 {[%cal Re4c5]} Bb6 11. Bd3 $11) 10... f6 11. Qe2 $146 ({Predecessor:} 11. Qh5 fxe5 12. Ngf3 Rxf4 13. Ng5 {1-0 (33) Atabayev,M (2512)-Bellia,F (2439) Budapest 2017}) 11... fxe5 12. fxe5 Nf5 (12... Rxf2 $1 $11 13. Qxf2 Nxe5) 13. Qe4 $14 g6 14. Ngf3 Ne3 15. Bxe3 $1 dxe3 16. Nb3 Bb6 17. O-O-O a5 (17... Rf7 $14) 18. h4 $16 Qd5 {[#] White should prevent ...a4.} 19. Qa4 $1 Nxe5 $2 {[#]} (19... Qd7 {is a better chance.}) 20. Bb5 $1 $18 {White is clearly winning.} Nxf3 21. Rxd5 exd5 22. gxf3 {Precision: White = 94%, Black = 42%.} 1-0

[Event "XVII MetLife Najdorf Open 2017"]
[Site "Warsaw"]
[Date "2017.07.11"]
[Round "3.29"]
[White "Aleksandrov, Aleksej"]
[Black "Urazayev, Arystanbek"]
[Result "1-0"]
[WhiteElo "2581"]
[BlackElo "2322"]
[Annotator "TA"]
[PlyCount "81"]
[EventDate "2017.??.??"]
[EventType "swiss"]
[EventCountry "POL"]
[SourceTitle "playchess.com"]
[Source "ChessBase"]
[SourceQuality "1"]

{[%evp 23,81,0,0,0,-4,-3,-9,0,8,-10,0,0,49,24,22,17,15,20,60,61,74,18,13,8,24,27,73,77,75,82,70,56,64,60,59,37,246,239,369,372,329,267,301,312,377,373,413,419,453,355,374,333,430,381,502,443,522,461,585,597]} 1. d4 Nf6 2. c4 e6 3. Nc3 Bb4 4. e3 O-O 5. Bd3 c5 6. Nf3 d5 7. O-O cxd4 8. exd4 dxc4 9. Bxc4 b6 10. Bd3 Bb7 11. Re1 Nc6 12. a3 Be7 13. Bf4 {E57: Nimzo-Indian: Rubinstein: Main Line: 7...Nc6 8 a3 dxc4 9 Bxc4 cxd4} (13. Bc2 Re8 14. Qd3 g6 15. Bh6 Nd5 16. Ne4 Rc8 17. Bb3 Bf8 18. Bg5 Be7 19. Bxd5 exd5 20. Bxe7 Rxe7 21. Nc3 {½-½ (41) Peralta,F (2577)-Duda,J (2678) Barcelona 2016}) 13... Rc8 14. Rc1 a6 15. Bb1 {[%cal Bd3b1,Bb1a2,Ba2d5][%mdl 32] The position is equal.} b5 16. Qd3 (16. d5 $5 exd5 17. Bg5 $11) 16... g6 17. b4 $146 ({Predecessor:} 17. Ba2 Na5 18. Ne5 Nd5 19. Nxd5 Bxd5 20. Rxc8 Qxc8 21. Bxd5 exd5 {½-½ (30) Wlodarczyk,O (2279)-Jauk,W (2178) Germany 2013}) 17... Qb6 18. Be3 {aiming for d5.} Qc7 19. h3 Rfd8 20. Ba2 Qd7 {[#]} 21. d5 $1 {[%mdl 512]} exd5 {[#]} 22. Bb6 (22. Bg5 $1 $16) 22... Re8 $11 23. Nxd5 Nxd5 24. Qxd5 Qxd5 25. Bxd5 Kf8 26. Be3 $36 {[%mdl 2048] White is on the roll.} Kg7 27. Nd4 {[%cal Rd5c6]} Na5 28. Bxb7 Nxb7 29. Rc6 (29. Bh6+ $5 Kxh6 30. Rxc8 Rxc8 31. Rxe7 $14) 29... Bf6 $2 (29... Rxc6 $14 30. Nxc6 f6) 30. Rxa6 $18 Re5 (30... Bxd4 {was necessary.} 31. Bxd4+ Kf8 32. Rxe8+ Kxe8) 31. Rb6 Nd8 32. Rxb5 Rxb5 33. Nxb5 Ne6 34. a4 Be7 35. Rb1 Rc4 36. Bd2 Rc2 37. Bc3+ Kh6 38. Be5 Rd2 39. Kf1 {White is clearly winning.} Bd8 40. Nd6 Bb6 41. Rb2 {Precision: White = 62%, Black = 40%.} 1-0

[Event "XVII MetLife Najdorf Open 2017"]
[Site "Warsaw"]
[Date "2017.07.11"]
[Round "3.30"]
[White "Eggink, Ryszard"]
[Black "Lalith Babu M R"]
[Result "1-0"]
[WhiteElo "2322"]
[BlackElo "2530"]
[Annotator "TA"]
[PlyCount "69"]
[EventDate "2017.??.??"]
[EventType "swiss"]
[EventCountry "POL"]
[SourceTitle "playchess.com"]
[Source "ChessBase"]
[SourceQuality "1"]

{[%evp 10,69,6,-16,-10,-12,0,-29,-36,-42,8,-22,-24,-20,-29,-27,-8,-10,-10,-21,0,0,0,0,0,0,0,0,0,0,30,22,61,57,63,62,170,178,202,209,216,206,331,241,538,390,372,367,389,360,368,325,410,400,389,328,369,360,470,487,468,459]} 1. d4 Nf6 2. c4 e6 3. Nf3 c5 4. Nc3 cxd4 5. Nxd4 Bb4 6. Qd3 {LiveBook: 7 Games. A32: Symmetrical English: 2 Nf3 Nf6 3 d4 cxd4 4 Nxd4 e6} (6. Qb3 $5 {[%cal Rb3b4]} Bc5 7. Nf3 $11) (6. Nc2 Bxc3+ 7. bxc3 O-O 8. Ba3 Re8 9. g3 b6 10. Bg2 Nc6 11. Bxc6 dxc6 12. Qxd8 Rxd8 13. Be7 Rd7 14. Bxf6 gxf6 15. Rd1 Kf8 {½-½ (15) Goganov,A (2635)-Nielsen,P (2645) Sweden 2017}) 6... Nc6 7. Nxc6 bxc6 8. e4 {The position is equal.} O-O 9. e5 Ne8 10. Bd2 $146 ({Predecessor:} 10. Qg3 Qa5 11. Bd2 f6 12. exf6 Nxf6 13. Bd3 Nh5 14. Qh4 Qe5+ 15. Kd1 {0-1 (35) Nugumanov,B (2227)-Saiyn,Z (2074) Pavlodar 2010}) 10... f6 11. a3 Be7 12. exf6 Nxf6 13. Be2 Rb8 14. b4 d5 15. O-O $36 {[%mdl 2048] White has the initiative.} e5 16. Bg5 d4 17. Ne4 Nxe4 18. Bxe7 Qxe7 19. Qxe4 Bd7 (19... Bf5 $5 {[%cal Rf5e4]} 20. Qxc6 Rbd8 $11) 20. f4 Bf5 21. Qxe5 Qd7 22. Bf3 Bc2 {[#]} (22... d3 $14) 23. Qc5 $1 $18 Rbc8 {[#]} 24. Rae1 $1 Rf7 25. h3 Rc7 (25... h6 $142 26. Rf2 Bg6) 26. Re5 {And now Rfe1 would win.} Rxf4 $2 (26... d3 {might work better.} 27. Rf2 a6) 27. Rfe1 {White threatens Re8+ and mate.} Bg6 {If only Black now had time for ...d3....} 28. Re7 Qd8 29. Rxc7 Qxc7 30. Bxc6 {Threatens to win with Bd5+.} Qd8 31. Bd5+ Kh8 {Now ...d3 and Black clings on.} 32. g3 Rf8 33. Qxd4 Qg5 34. Qe3 Qf5 35. Bg2 {Precision: White = 84%, Black = 37%.} 1-0

[Event "XVII MetLife Najdorf Open 2017"]
[Site "Warsaw"]
[Date "2017.07.11"]
[Round "3.31"]
[White "Srinath, Rao S V"]
[Black "Romanishin, Oleg M"]
[Result "1/2-1/2"]
[WhiteElo "2321"]
[BlackElo "2463"]
[Annotator "ChessBase"]
[PlyCount "62"]
[EventDate "2017.??.??"]
[EventType "swiss"]
[EventCountry "POL"]
[SourceTitle "playchess.com"]
[Source "ChessBase"]
[SourceQuality "1"]
[TimeControl "40/5400+30:1800+30"]

1. e4 c5 2. c3 Qa5 3. Na3 e6 4. Nf3 Nc6 5. Be2 Nf6 6. e5 Ng4 7. d4 cxd4 8. Nc4 Qc7 9. cxd4 d5 10. Ne3 Nxe3 11. Bxe3 Qa5+ 12. Kf1 Be7 13. g3 Bd7 14. Kg2 Rc8 15. a3 Qb6 16. b4 Nb8 17. Qd2 Bb5 18. Bxb5+ Qxb5 19. Bg5 Bxg5 20. Nxg5 h6 21. a4 Qd7 22. Nf3 O-O 23. h4 Rc4 24. h5 Qe7 25. b5 Nd7 26. Qe3 Rfc8 27. g4 Nf8 28. g5 hxg5 29. Nxg5 Rxd4 30. Qxd4 Qxg5+ 31. Kf1 Rc4 1/2-1/2

[Event "XVII MetLife Najdorf Open 2017"]
[Site "Warsaw"]
[Date "2017.07.11"]
[Round "3.32"]
[White "Hacker, Jonas"]
[Black "Drozdowski, Kacper"]
[Result "1/2-1/2"]
[WhiteElo "2297"]
[BlackElo "2461"]
[Annotator "TA"]
[PlyCount "111"]
[EventDate "2017.??.??"]
[EventType "swiss"]
[EventCountry "POL"]
[SourceTitle "playchess.com"]
[Source "ChessBase"]
[SourceQuality "1"]

{[%evp 20,111,41,42,72,72,66,73,73,70,69,75,75,79,77,66,85,70,108,94,111,62,39,12,108,104,147,126,225,207,272,273,271,231,285,281,290,185,188,197,193,193,192,191,244,245,368,291,291,291,352,266,219,0,318,217,283,264,278,244,218,75,91,0,0,0,0,0,0,0,0,0,0,0,0,0,0,0,0,0,0,0,0,0,0,0,0,0,0,0,0,0,0,0]} 1. e4 c5 2. Nf3 e6 3. d4 cxd4 4. Nxd4 a6 5. c4 Nf6 6. Nc3 Bb4 7. Qd3 {B41: Sicilian: Kan Variation: 5 c4} Nc6 (7... O-O 8. Be2 Qc7 9. O-O Nc6 10. Nxc6 dxc6 11. Bg5 Be7 12. Be3 b5 13. Rac1 b4 14. Nb1 c5 {0-1 (61) Anand,V (2779)-Ivanchuk,V (2747) Doha 2016}) 8. Nxc6 dxc6 9. Qxd8+ Kxd8 10. e5 Nd7 11. Bf4 {LiveBook: 11 Games} f6 12. O-O-O Ke7 13. exf6+ gxf6 14. a3 Bc5 $146 ({Predecessor:} 14... Bxc3) 15. Ne4 e5 16. Nxc5 Nxc5 17. Be3 $36 {[%mdl 2048] White is pushing.} Ne6 18. g3 c5 19. Bg2 Nd4 20. b4 Bg4 21. Rde1 (21. f3 $5 Bh5 22. g4 $14) 21... Rac8 (21... Rhd8 $11) 22. Bxb7 $16 Rc7 23. Bxa6 Be6 (23... Ra8 $16) 24. Kb2 Ra8 {[#]} 25. Bxd4 $1 ({Resist} 25. b5 $6 Rca7 $16) 25... cxd4 26. Bb5 Kd6 27. c5+ Kd5 28. Kb3 Rxc5 29. bxc5 Kxc5+ 30. Kc2 Kxb5 $18 {[%mdl 4096] Endgame KRR-KRB} 31. Ra1 e4 (31... Kc6 $142 32. Kd2 Bb3 33. Rhc1+ Kd5) 32. Kd2 Bc4 (32... Kc5 $142 33. a4 Ra5) 33. Rhb1+ Kc5 34. Rb7 Kd6 35. Rb6+ (35. Rxh7 Rb8 $16) 35... Kc5 36. Rb7 (36. Rxf6 $142 Rb8 37. Rc1) 36... Kd6 $1 37. Rc1 ({Weaker is} 37. Rxh7 Rb8 $16) 37... Bd5 38. Rb6+ ({Don't do} 38. Rxh7 $6 Rxa3 39. Rh8 Ke7 $16) 38... Ke5 39. Rc5 {Hoping for Rbb5.} e3+ 40. Ke2 (40. fxe3 $18 {is the precise move to win.} dxe3+ 41. Kxe3) 40... Rxa3 $16 {[#] Strongly threatening ...Ra2+.} 41. Rbb5 ({White should play} 41. Rb2 $1 $16) 41... Ra2+ $11 {The position is equal.} 42. Ke1 Ra1+ 43. Ke2 Ra2+ 44. Ke1 Ke4 {( -> ...Ra1+)} 45. Rxd5 {Black must now prevent fxe3.} Ra1+ 46. Ke2 {[%csl Ge2][%cal Rf2f3]} d3+ 47. Rxd3 {[%csl Ge2][%cal Rf2f3]} Ra2+ 48. Ke1 exf2+ 49. Kf1 Kxd3 {KR-KR} 50. Rf5 Ke3 {Threatens to win with ...Ra1+.} 51. Kg2 {[#]} f1=B+ $1 {[%mdl 512]} 52. Kxf1 Rxh2 53. Rxf6 h5 54. Kg1 Ra2 55. Rf5 Ke4 56. Rf4+ {Precision: White = 63%, Black = 50%.} 1/2-1/2

[Event "XVII MetLife Najdorf Open 2017"]
[Site "Warsaw"]
[Date "2017.07.11"]
[Round "3.33"]
[White "Rahul Srivatshav P"]
[Black "Noe, Christopher"]
[Result "1/2-1/2"]
[WhiteElo "2295"]
[BlackElo "2451"]
[Annotator "TA"]
[PlyCount "36"]
[EventDate "2017.??.??"]
[EventType "swiss"]
[EventCountry "POL"]
[SourceTitle "playchess.com"]
[Source "ChessBase"]
[SourceQuality "1"]

{[%evp 22,36,18,8,9,15,46,-6,-4,0,-9,-13,-15,0,7,1,6]} 1. d4 Nf6 2. c4 e6 3. Nc3 Bb4 4. e3 O-O 5. Nge2 Re8 6. a3 Bf8 7. Ng3 d5 8. Be2 {E46: Nimzo-Indian: Rubinstein: 4 e3 0-0 5 Ne2 without early Bd3} dxc4 (8... b6 9. cxd5 exd5 10. b4 Bb7 11. O-O Nbd7 12. Qb3 c6 13. Bf3 a6 14. Rd1 b5 15. e4 Nb6 {0-1 (51) Gupta,A (2627)-Wei,Y (2725) Liaocheng 2017}) 9. O-O c5 10. dxc5 Bxc5 11. Bxc4 Nbd7 {[%cal Bb8d7,Bd7b6,Bb6a4][%mdl 32]} 12. b4 {LiveBook: 4 Games} Be7 13. Bb2 Nb6 14. Bb3 ({Better is} 14. Bd3 $14) 14... Qxd1 $1 $11 {The position is equal.} 15. Rfxd1 Bd7 16. Nce4 $146 Nxe4 17. Nxe4 Ba4 18. Bxa4 Nxa4 1/2-1/2

[Event "XVII MetLife Najdorf Open 2017"]
[Site "Warsaw"]
[Date "2017.07.11"]
[Round "3.34"]
[White "Sundararajan, Kidambi"]
[Black "Bednarek, Sylwester"]
[Result "1-0"]
[WhiteElo "2444"]
[BlackElo "2309"]
[Annotator "TA"]
[PlyCount "81"]
[EventDate "2017.??.??"]
[EventType "swiss"]
[EventCountry "POL"]
[SourceTitle "playchess.com"]
[Source "ChessBase"]
[SourceQuality "1"]

{[%evp 18,81,26,26,35,27,25,30,25,25,33,10,25,0,22,14,24,0,99,103,93,35,83,82,81,82,237,228,241,224,389,375,408,134,127,140,108,134,127,122,147,131,277,265,266,245,373,364,408,401,512,514,495,495,1119,1147,997,1053,1025,988,4702,4702,1893,1413,29986,29987]} 1. Nf3 c5 2. c4 Nf6 3. Nc3 e6 4. e3 Nc6 5. d4 cxd4 6. exd4 Bb4 7. Bd3 O-O 8. O-O d5 9. cxd5 exd5 10. Bg5 {LiveBook: 10 Games. B14: Caro-Kann: Panov-Botvinnik Attack with 5...e6 and 5...g6} (10. h3 Re8 11. Bg5 Be7 12. Re1 Be6 13. a3 Rc8 14. Rc1 Na5 15. Ne5 Nc4 16. Nxd5 Nxb2 17. Rxc8 Nxd1 18. Rxd8 Bxd8 19. Bxf6 gxf6 {1-0 (42) Naiditsch,A (2654)-Minasian,A (2586) Dresden 2007}) 10... Be7 11. h3 h6 12. Bh4 {White has an edge.} Nh5 $146 ({Predecessor:} 12... Re8 13. a3 {1-0 (28) Maldonado Morillo,A (2109)-Zurron,M Madrid 2003}) 13. Bxe7 Nxe7 14. Ne5 Nf4 15. Bc2 Neg6 {And now ...Bxh3! would win.} 16. Bxg6 fxg6 17. Ne2 $36 {[%mdl 2048] White fights for an advantage.} Qg5 (17... Nxh3+ $11 18. gxh3 Bxh3) 18. Nxf4 $16 Rxf4 19. Kh2 ({White should play} 19. Qb3 $16) 19... Qf5 20. Qd2 g5 21. Kg1 Rh4 $2 (21... Qe6 $16) 22. g4 $18 Qf6 {[#]} 23. Kg2 $1 h5 $2 {[#]} (23... Bf5 {was worth a try.} 24. gxf5 Qxf5) 24. f4 $1 {[%cal Rf4g5]} gxf4 25. Qxf4 $2 (25. Rxf4 $18 {and the rest is easy.} Qh6 26. Nf7) 25... hxg4 $16 26. hxg4 Qxf4 27. Rxf4 Be6 28. Rc1 Rh6 29. Rc7 Rc8 {[#]} (29... g5 $16 {might work better.} 30. Rf1 Rh7 31. Rxh7 Kxh7) 30. Rff7 $1 $18 {[%mdl 512]} Rxc7 (30... Bxf7 31. Rxc8+) 31. Rxc7 {[%mdl 4096] Endgame KRB-KRN} Rf6 (31... g5 $142 32. Re7 (32. Rxb7 Rh7 $18) 32... a5 33. Rxb7 Rh7) 32. Kg3 g5 33. Rxb7 Rf4 34. Re7 Bxg4 35. Nxg4 Rxd4 {KRN-KR} (35... a6 $142 36. Rd7 Rxd4 37. Rxd5 Ra4) 36. Nf6+ Kf8 37. Rxa7 Rd2 38. b3 d4 39. Kf3 Rh2 40. Ke4 Rh4+ 41. Kf5 {Precision: White = 62%, Black = 29%.} 1-0

[Event "XVII MetLife Najdorf Open 2017"]
[Site "Warsaw"]
[Date "2017.07.11"]
[Round "3.35"]
[White "Nowicki, Bartosz"]
[Black "Saeed, Ishaq"]
[Result "0-1"]
[WhiteElo "2262"]
[BlackElo "2428"]
[Annotator "TA"]
[PlyCount "58"]
[EventDate "2017.??.??"]
[EventType "swiss"]
[EventCountry "POL"]
[SourceTitle "playchess.com"]
[Source "ChessBase"]
[SourceQuality "1"]

{[%evp 16,58,-3,-8,-14,-23,-16,-7,-9,-43,-32,-39,-20,-68,-50,-50,-48,-58,-56,-57,-58,-158,-161,-173,-176,-164,-169,-351,-359,-387,-381,-387,-405,-794,-777,-787,-779,-863,-885,-1198,-1194,-29985,-29986,-29986,-29986]} 1. e4 e5 2. f4 Bc5 3. Nf3 d6 4. Bc4 Nc6 5. Nc3 a6 6. f5 Nf6 7. d3 b5 {C30: King's Gambit Declined} 8. Bb3 Na5 9. Bg5 {LiveBook: 5 Games} c6 {The position is equal.} 10. Qe2 Bb7 11. g4 $146 ({Predecessor:} 11. Nd1 h6 12. Bh4 Nxb3 13. axb3 Qe7 14. Bf2 Bxf2+ 15. Nxf2 g6 16. Nh4 {0-1 (28) Caprio,G (2272)-Korneev,O (2576) Cento 2011}) 11... h6 12. Bxf6 gxf6 (12... Qxf6 {looks sharper.} 13. O-O-O Nxb3+ 14. axb3 Qe7 15. h4 a5) 13. h4 Qb6 14. Kd2 Nxb3+ 15. axb3 Rg8 16. Rh3 O-O-O 17. Rg3 d5 18. g5 ({White should play} 18. h5 $15) 18... Bb4 $17 {White must now prevent ...d4.} 19. Kc1 hxg5 20. hxg5 fxg5 {[%cal Bf6g5,Bg5g4,Bg4f3][%mdl 32]} 21. Nd1 $2 (21. Rg4) 21... dxe4 $19 22. Qxe4 c5 23. Qe3 {[#]} e4 $1 {[%mdl 512]} 24. dxe4 (24. Nd2 $142 Bxd2+ 25. Kxd2) 24... Qd6 {[%csl Gd8][%cal Rd6d1]} 25. Rg1 g4 26. e5 Qd5 27. c3 gxf3 28. cxb4 Rxg1 29. Qxg1 Qd2+ {Precision: White = 14%, Black = 89%.} 0-1